<?xml version="1.0" encoding="UTF-8"?>
<record
    xmlns:xsi="http://www.w3.org/2001/XMLSchema-instance"
    xsi:schemaLocation="http://www.loc.gov/MARC21/slim http://www.loc.gov/standards/marcxml/schema/MARC21slim.xsd"
    xmlns="http://www.loc.gov/MARC21/slim">

  <leader>03124nam a2200289 i 4500</leader>
  <controlfield tag="001">000021686</controlfield>
  <controlfield tag="003">DO-SdBNP</controlfield>
  <controlfield tag="005">20240229073935.0</controlfield>
  <controlfield tag="007">ta</controlfield>
  <controlfield tag="008">100910s1955    dr            000 0 spa d</controlfield>
  <datafield tag="040" ind1=" " ind2=" ">
    <subfield code="a">DO-SdBNP</subfield>
    <subfield code="b">spa</subfield>
    <subfield code="c">BNPHU</subfield>
    <subfield code="e">rda</subfield>
  </datafield>
  <datafield tag="082" ind1=" " ind2="4">
    <subfield code="a">923.1</subfield>
    <subfield code="b">J61b</subfield>
    <subfield code="2">22</subfield>
  </datafield>
  <datafield tag="100" ind1="1" ind2=" ">
    <subfield code="a">Jim&#xE9;nez, R. Emilio,</subfield>
    <subfield code="d">1886-1970</subfield>
    <subfield code="q">(Ram&#xF3;n Emilio)</subfield>
    <subfield code="9">45114</subfield>
    <subfield code="e">autor</subfield>
  </datafield>
  <datafield tag="245" ind1="1" ind2="0">
    <subfield code="a">Biograf&#xED;a de Trujillo /</subfield>
    <subfield code="c">R. Emilio Jim&#xE9;nez.</subfield>
  </datafield>
  <datafield tag="264" ind1=" " ind2=" ">
    <subfield code="a">Ciudad Trujillo, Rep&#xFA;blica Dominicana :</subfield>
    <subfield code="b">Del Caribe,</subfield>
    <subfield code="c">1955.</subfield>
  </datafield>
  <datafield tag="300" ind1=" " ind2=" ">
    <subfield code="a">310 p&#xE1;ginas ;</subfield>
    <subfield code="c">23 cm.</subfield>
  </datafield>
  <datafield tag="336" ind1=" " ind2=" ">
    <subfield code="2">rdacontent</subfield>
    <subfield code="a">texto</subfield>
    <subfield code="b">txt</subfield>
  </datafield>
  <datafield tag="337" ind1=" " ind2=" ">
    <subfield code="2">rdamedia</subfield>
    <subfield code="a">sin mediaci&#xF3;n</subfield>
    <subfield code="b">n</subfield>
  </datafield>
  <datafield tag="338" ind1=" " ind2=" ">
    <subfield code="2">rdacarrier</subfield>
    <subfield code="a">volumen</subfield>
    <subfield code="b">nc</subfield>
  </datafield>
  <datafield tag="500" ind1=" " ind2=" ">
    <subfield code="a">La biblioteca posee dos ejemplares dedicados por el autor.</subfield>
  </datafield>
  <datafield tag="505" ind1="0" ind2=" ">
    <subfield code="a">Prefacio--</subfield>
    <subfield code="t">Su grave enfermedad --</subfield>
    <subfield code="t">su autoeducaci&#xF3;n --</subfield>
    <subfield code="t">Su ni&#xF1;ez so&#xF1;adora --</subfield>
    <subfield code="t">La tierra como escuela suya --</subfield>
    <subfield code="t">El medio f&#xED;sico y su adolescencia --</subfield>
    <subfield code="t">Su primer destino p&#xFA;blico --</subfield>
    <subfield code="t">Durante la ocupaci&#xF3;n militar norteamericana --</subfield>
    <subfield code="t">Trujillo desde ah&#xED; en adelante --</subfield>
    <subfield code="t">La com&#xFA;n de Los Llanos --</subfield>
    <subfield code="t">El caso de Cayo B&#xE1;ez --</subfield>
    <subfield code="t">Un triunfo de Trujillo --</subfield>
    <subfield code="t">Su elecci&#xF3;n para presidente de la Rep&#xFA;blica --</subfield>
    <subfield code="t">Discutido, obstaculizado, injuriado --</subfield>
    <subfield code="t">Sus primeros &#xE9;xitos --</subfield>
    <subfield code="t">La dura prueba del cicl&#xF3;n --</subfield>
    <subfield code="t">En la casa --</subfield>
    <subfield code="t">En el palacio --</subfield>
    <subfield code="t">En el cuartel --</subfield>
    <subfield code="t">En su hacienda Fundaci&#xF3;n --</subfield>
    <subfield code="t">En el recinto festivo --</subfield>
    <subfield code="t">Su temperamento --</subfield>
    <subfield code="t">Su parquedad oral --</subfield>
    <subfield code="t">El poder de su atenci&#xF3;n --</subfield>
    <subfield code="t">Trujillo y los problemas --</subfield>
    <subfield code="t">Trujillo y la econom&#xED;a --</subfield>
    <subfield code="t">En la inauguraci&#xF3;n del Ateneo Dominicano el 23 de enero de 1932 -- </subfield>
    <subfield code="t">Su concepto del progreso f&#xED;sico como base de los dem&#xE1;s aspectos del progreso --</subfield>
    <subfield code="t">Reacci&#xF3;n a ser entrevistado --</subfield>
    <subfield code="t">El concepto de la amistad en relaci&#xF3;n con su pol&#xED;tica --</subfield>
    <subfield code="t">Trujillo y el trabajo --</subfield>
    <subfield code="t">Trujillo y la riqueza --</subfield>
    <subfield code="t">Trujillo y la d&#xE1;diva --</subfield>
    <subfield code="t">Trujillo y el perd&#xF3;n --</subfield>
    <subfield code="t">Pol&#xED;tica de puertas abiertas y de tierra acogedora para los sin patrias y los acosados de las suyas --</subfield>
    <subfield code="t">La vida fe en su pueblo y el s&#xED;mbolo de la Cruz --</subfield>
    <subfield code="t">Trujillo y la democracia --</subfield>
    <subfield code="t">Trujillo y el poeta --</subfield>
    <subfield code="t">Trujillo, periodista --</subfield>
    <subfield code="t">Su dominicanismo --</subfield>
    <subfield code="t">Pol&#xED;tica de acercamiento internacional --</subfield>
    <subfield code="t">El restablecimiento del lazo roto entre el hogar y la escuela dominicana --</subfield>
    <subfield code="t">La personalidad pol&#xED;tica y civil de la mujer dominicana --</subfield>
    <subfield code="t">La academia creada por Trujillo con mira a la formaci&#xF3;n de un tipo de acad&#xE9;mico que levante m&#xE1;s el prestigio de las academias --</subfield>
    <subfield code="t">Su condici&#xF3;n de padre de la patria nueva y su decisi&#xF3;n en honra de Francisco J. Peynado --  </subfield>
    <subfield code="t">Consecuencias trascendentales de esta determinaci&#xF3;n propia del car&#xE1;cter de Trujillo en relaci&#xF3;n con los conceptos de cr&#xED;tica infundada prevaleciente en el medio acerca de nuestros pr&#xF3;ceres -- </subfield>
    <subfield code="t">La anexi&#xF3;n a Espa&#xF1;a y la pol&#xED;tica de reparaci&#xF3;n hist&#xF3;rica --</subfield>
    <subfield code="t">La frontera --</subfield>
    <subfield code="t">La raz&#xF3;n de haber hecho de la Rep&#xFA;blica Dominicana una peque&#xF1;a potencia militar --</subfield>
    <subfield code="t">El viaje a Espa&#xF1;a --</subfield>
    <subfield code="t">S&#xED;ntesis /</subfield>
  </datafield>
  <datafield tag="590" ind1=" " ind2=" ">
    <subfield code="a">Inventariado, 2020/ YL</subfield>
  </datafield>
  <datafield tag="600" ind1="1" ind2="0">
    <subfield code="a">Trujillo Molina, Rafael Le&#xF3;nidas,</subfield>
    <subfield code="d"> 1891-1961</subfield>
    <subfield code="9">76764</subfield>
  </datafield>
  <datafield tag="650" ind1=" " ind2="4">
    <subfield code="a">Presidentes</subfield>
    <subfield code="z">Rep&#xFA;blica Dominicana</subfield>
    <subfield code="9">1790</subfield>
    <subfield code="v">Biograf&#xED;as</subfield>
  </datafield>
  <datafield tag="910" ind1=" " ind2=" ">
    <subfield code="a">YLockward</subfield>
  </datafield>
  <datafield tag="942" ind1=" " ind2=" ">
    <subfield code="2">ddc</subfield>
    <subfield code="c">LBS1</subfield>
  </datafield>
  <datafield tag="952" ind1=" " ind2=" ">
    <subfield code="0">0</subfield>
    <subfield code="1">0</subfield>
    <subfield code="2">ddc</subfield>
    <subfield code="5">1</subfield>
    <subfield code="7">0</subfield>
    <subfield code="8">PD-RV</subfield>
    <subfield code="a">BNPHU</subfield>
    <subfield code="b">BNPHU</subfield>
    <subfield code="c">CT</subfield>
    <subfield code="d">2019-08-08</subfield>
    <subfield code="e">Donaci&#xF3;n</subfield>
    <subfield code="l">0</subfield>
    <subfield code="o">BNPHU RV-PD 923.1 J61b</subfield>
    <subfield code="p">21686-20</subfield>
    <subfield code="r">2020-06-25</subfield>
    <subfield code="t">e. 2</subfield>
    <subfield code="w">2020-06-25</subfield>
    <subfield code="y">LBS1</subfield>
  </datafield>
  <datafield tag="952" ind1=" " ind2=" ">
    <subfield code="0">0</subfield>
    <subfield code="1">0</subfield>
    <subfield code="2">ddc</subfield>
    <subfield code="5">1</subfield>
    <subfield code="7">0</subfield>
    <subfield code="8">PD-RV</subfield>
    <subfield code="a">BNPHU</subfield>
    <subfield code="b">BNPHU</subfield>
    <subfield code="c">CT</subfield>
    <subfield code="d">2010-09-10</subfield>
    <subfield code="e">Donaci&#xF3;n</subfield>
    <subfield code="l">0</subfield>
    <subfield code="o">BNPHU RV-PD 923.1 J61b</subfield>
    <subfield code="p">21686-10</subfield>
    <subfield code="r">2020-06-25</subfield>
    <subfield code="w">2020-06-25</subfield>
    <subfield code="y">LBS1</subfield>
    <subfield code="z">Perteneci&#xF3; a la biblioteca personal de Mart&#xED;nez Boog.</subfield>
  </datafield>
  <datafield tag="952" ind1=" " ind2=" ">
    <subfield code="0">0</subfield>
    <subfield code="1">0</subfield>
    <subfield code="2">ddc</subfield>
    <subfield code="5">1</subfield>
    <subfield code="7">0</subfield>
    <subfield code="8">R-RV</subfield>
    <subfield code="a">BNPHU</subfield>
    <subfield code="b">BNPHU</subfield>
    <subfield code="c">CT</subfield>
    <subfield code="d">2013-08-08</subfield>
    <subfield code="e">Donaci&#xF3;n</subfield>
    <subfield code="l">0</subfield>
    <subfield code="o">BNPHU RV-DS 923.1 J61b</subfield>
    <subfield code="p">2020-0468</subfield>
    <subfield code="r">2020-11-10</subfield>
    <subfield code="t">e. 3</subfield>
    <subfield code="w">2020-06-25</subfield>
    <subfield code="y">LBS1</subfield>
    <subfield code="z">Perteneci&#xF3; a la biblioteca personal de la Flia. Reyes Duluc  </subfield>
  </datafield>
  <datafield tag="952" ind1=" " ind2=" ">
    <subfield code="0">0</subfield>
    <subfield code="1">0</subfield>
    <subfield code="2">ddc</subfield>
    <subfield code="5">6</subfield>
    <subfield code="7">0</subfield>
    <subfield code="8">R-RV</subfield>
    <subfield code="a">BNPHU</subfield>
    <subfield code="b">BNPHU</subfield>
    <subfield code="c">CT</subfield>
    <subfield code="d">2024-01-19</subfield>
    <subfield code="e">Donaci&#xF3;n</subfield>
    <subfield code="l">0</subfield>
    <subfield code="o">BNPHU RV-DS 923.1 J61b</subfield>
    <subfield code="p">2024-0346</subfield>
    <subfield code="r">2024-01-19</subfield>
    <subfield code="t">e.4</subfield>
    <subfield code="w">2024-01-19</subfield>
    <subfield code="y">LBS1</subfield>
    <subfield code="z">Perteneci&#xF3; a la biblioteca personal de B&#xE1;rbara Suncar.</subfield>
  </datafield>
  <datafield tag="999" ind1=" " ind2=" ">
    <subfield code="c">21185</subfield>
    <subfield code="d">21185</subfield>
  </datafield>
</record>
